| 000 | 00985cam a2200241 a 4500 | ||
|---|---|---|---|
| 999 |
_c7793 _d7793 |
||
| 003 | OSt | ||
| 005 | 20200521131306.0 | ||
| 008 | 090122s2009 ctua b 001 0 eng | ||
| 020 | _a9780300153972 (cloth : alk. paper) | ||
| 082 | 0 | 0 |
_a724.6STE _222 |
| 100 | 1 | _aStern, Robert A. M. | |
| 245 | 1 | 0 |
_aArchitecture on the edge of postmodernism : _bcollected essays, 1964-1988 / _cRobert A. M. Stern ; edited by Cynthia Davidson. |
| 260 |
_aNew Haven : _bYale University Press, _cc2009. |
||
| 300 |
_aix, 202 p. : _bill. ; _c26 cm. |
||
| 504 | _aIncludes bibliographical references and index. | ||
| 648 | 7 |
_aGeschichte 1964-1988 _2swd |
|
| 650 | 0 | _aModern movement (Architecture) | |
| 650 | 0 | _aArchitecture, Postmodern. | |
| 700 | 1 | _aDavidson, Cynthia C. | |
| 856 | 4 | 2 |
_3Contributor biographical information _uhttp://www.loc.gov/catdir/enhancements/fy1012/2009002873-b.html |
| 856 | 4 | 2 |
_3Publisher description _uhttp://www.loc.gov/catdir/enhancements/fy1012/2009002873-d.html |
| 942 | _2ddc | ||